Meranie geometrie osobných automobilov

Gespeichert in:
Bibliographische Detailangaben
1. Verfasser: Jurkovič, Peter (Verfasst von)
Weitere Verfasser: Palenčár, Rudolf (Betreuung Doktorarbeit)
Format: Manuskript Buch
Sprache:Slowakisch
Veröffentlicht: 2015
Schlagworte:
Online-Zugang:http://is.stuba.sk/zp/portal_zp.pl?podrobnosti=112821
Tags: Tag hinzufügen
Keine Tags, Fügen Sie das erste Tag hinzu!

MARC

LEADER 00000ntm a22000003a 4500
001 stuzp52751
003 SK-STU
005 20160719154253.1
007 ta
008 150427s2015----xo-----f-mn---000-0-slo-d
040 |a STU  |b slo 
041 0 |a slo 
100 1 |a Jurkovič, Peter  |u 020020  |4 aut  |U SjF Strojnícka fakulta  |T SjF Ústav automatizácie, merania a aplikovanej informatiky  |X 41572  |U J0020  |Y 802  |7 A000041572 
242 0 1 |a Measuring parameters of geometry passenger cars  |y eng 
245 1 0 |a Meranie geometrie osobných automobilov 
260 |c 2015 
650 4 |a uhol zbiehavosti  |2 slo 
650 4 |a uhol odklonu  |2 slo 
650 4 |a príklon čapu riadenia  |2 slo 
650 4 |a princípy činnosti meradiel  |2 slo 
650 4 |a uhol záklonu  |2 slo 
650 4 |a toe angle  |2 eng 
650 4 |a camber  |2 eng 
650 4 |a caster  |2 eng 
650 4 |a king pin  |2 eng 
650 4 |a working principles of measuring instruments  |2 eng 
700 1 |a Palenčár, Rudolf  |4 ths  |X 2375  |7 A000002375 
856 4 |u http://is.stuba.sk/zp/portal_zp.pl?podrobnosti=112821 
996 |b 284J043698  |c J* 1988/DP  |l JJSK  |s A  |a 24  |w stuzp52751_0001 
SQL |a stuzp52751  |b DDP  |c SLO  |d Meranie geometrie osobných automobilov  |e 41572  |f Jurkovič, Peter  |g 020020  |h 2375  |i Palenčár, Rudolf  |j 20150618  |k 648  |l 02  |m http://is.stuba.sk/zp/portal_zp.pl?podrobnosti=112821  |n I-MESK  |o 5.2.53. meranie